000 01032nam a22001937a 4500
003 JO-AjAnu
005 20250923091600.0
008 250921b jo ||||| |||| 00| 0 ara d
040 _aANU
_cJO-AjAnu
041 _hARA
100 _aالصمادي، رامي وليد محمد
_eمعد
_966642
245 _aأثر استخدام الذكاء الاصطناعي في التنبؤ في الإفلاس للشركات الصناعية في الأردن = The Effect of Using Artificial intelligence in Bankruptcy Predicting for Industrial Companies in Jordan.
_c / اعداد رامي وليد محمد الصمادي ؛ اشراف احمد ابراهيم كراجه
260 _c2025
300 _a90 ورقة
500 _aرسالة جامعية (رسالة ماجستير في المحاسبة) كلية الأعمال / جامعة عجلون الوطنية ؛ 2025
650 _vالشركات-محاسبة-إفلاس-الأردن
700 _aكراجه، احمد ابراهيم
_964987
_eمشرف
942 _2lcc
_cTHS
_n0
999 _c33971
_d33971